General Principal of Political Science (Record no. 850599)

MARC details
000 -LEADER
fixed length control field 00335nam a2200133Ia 4500
008 - FIXED-LENGTH DATA ELEMENTS--GENERAL INFORMATION
fixed length control field 230817s2023 xx 000 0 und d
041 ## - LANGUAGE CODE
Language code of text/sound track or separate title eng
082 ## - DEWEY DECIMAL CLASSIFICATION NUMBER
Classification number 3281/MUD
100 ## - MAIN ENTRY--PERSONAL NAME
Personal name Rohini Mudholkar
245 ## - TITLE STATEMENT
Title General Principal of Political Science
250 ## - EDITION STATEMENT
Edition statement 2019 Ed
260 ## - PUBLICATION, DISTRIBUTION, ETC.
Place of publication, distribution, etc. PUNE
Name of publisher, distributor, etc. HIND LAW HOUSE,
Date of publication, distribution, etc. 2023
300 ## - PHYSICAL DESCRIPTION
Extent 1-192Pp
Holdings
Withdrawn status Lost status Damaged status Not for loan Home library Current library Date acquired Total Checkouts Full call number Barcode Date last seen Price effective from Koha item type
        Yashwantrao Chavan Law College,Karad YLK Yashwantrao Chavan Law College,Karad YLK 04/01/2023   3281/MUD YLK-F-4 17/08/2023 17/08/2023 Book